000 00374nam a2200169Ia 4500
003 OSt
005 20240404120519.0
008 170523s9999 xx 000 0 und d
020 _aNIL
040 _cIIMT UNIVERSITY
100 _aRAO, M.GAGADHAR
245 0 _aORGANISATIONAL BEHAVIOUR
260 _bKONARK PUBLICATION
260 _c1987
300 _a567
942 _2ddc
_c02
999 _c156
_d156